Vista normal Vista MARC

Entrada Nombre personal

Número de registros utilizados en: 38

001 - NÚMERO DE CONTROL

  • campo de control: 629105

003 - IDENTIFICADOR DEL NÚMERO DE CONTROL

  • campo de control: CO-MdUADB

005 - FECHA Y HORA DE LA ÚLTIMA TRANSACCIÓN

  • campo de control: 20240216140747.0

008 - DATOS DE LONGITUD FIJA

  • campo de control de longitud fija: 230419nn az|nnaabn a aaa d

040 ## - FUENTE DE LA CATALOGACIÓN

  • Centro catalogador/agencia de origen: CO-MdUADB
  • Centro/agencia transcriptor: CO-MdUADB
  • Lengua de catalogación: spa
  • Normas de descripción: rda

100 1# - ENCABEZAMIENTO-NOMBRE DE PERSONA

  • Nombre de persona: Garibay Kintana, Ángel María,
  • Fechas asociadas al nombre: 1892-1967

400 1# - TRAZADO DE VÉASE--NOMBRE DE PERSONA

  • Nombre de persona: Garibay K., Angel María,
  • Fechas asociadas al nombre: 1892-1967